25 ciudades más pobladas de Cantabria - Estadísticas

Estadísticas generales
  • Esta prueba ha sido intentada 895 veces
  • La puntuación promedio es 11 de 25
Estadísticas de respuestas
Pob. Municipio % Correcto
184 k Santander
100%
55.3 k Torrelavega
90%
32.5 k Castro Urdiales
79%
13.1 k Laredo
72%
10.5 k Reinosa
66%
4.46 k San Vicente de la Barquera
66%
11.6 k Santoña
64%
4.02 k Santillana del Mar
58%
15.6 k El Astillero
50%
7.12 k Suances
47%
7.97 k Cabezón de la Sal
44%
31.6 k Camargo
43%
24.1 k Piélagos
38%
11.0 k Los Corrales de Buelna
36%
10.0 k Santa Cruz de Bezana
34%
7.24 k Colindres
31%
3.98 k Cartes
22%
6.93 k Medio Cudeyo
20%
4.05 k Ribamontán al Mar
20%
7.11 k Santa María de Cayón
18%
5.00 k Marina de Cudeyo
17%
3.91 k Polanco
16%
7.43 k Reocín
15%
3.87 k Miengo
14%
3.97 k Campoo de Enmedio
6%
No se encontraron pruebas coincidentes
Distribución de puntuación
Porcentaje de gente con cada puntuación
Porcentaje por número respondido
Historial de tus puntuaciones
No has intentado esta prueba.